Guia general de la administración local española
Descripción Física:
837 p. ; 21 cm
MARC
| LEADER | 00000nam a2200000Ia 4500 | ||
|---|---|---|---|
| 001 | 1810 | ||
| 008 | 160829s1968 xx 000 0 cat d | ||
| 080 | |a M-2-204 | ||
| 245 | |a Guia general de la administración local española | ||
| 260 | |a Madrid : |b Instituto de Estudios de Administración Local, |c 1968 | ||
| 300 | |a 837 p. ; |c 21 cm | ||
| 650 | |a Municipis |x Govern i administració |x Espanya |x Directoris |9 27593 | ||
| 710 | 2 | |a Instituto de Estudios de Administración Local (Espanya) |9 54775 | |
| 901 | |a Arxiu | ||
| 942 | |n 1 | ||
| 952 | |0 0 |1 0 |4 0 |6 M2204 |7 1 |9 44460 |a Arxiu |b Arxiu |d 2016-12-01 |l 0 |o M-2-204 |p 1810 |r 2016-12-01 00:00:00 |w 2016-12-01 |y ARXIU | ||
| 999 | |c 47041 |d 47041 | ||